<?xml version="1.0" encoding="UTF-8"?>
<record
    xmlns:xsi="http://www.w3.org/2001/XMLSchema-instance"
    xsi:schemaLocation="http://www.loc.gov/MARC21/slim http://www.loc.gov/standards/marcxml/schema/MARC21slim.xsd"
    xmlns="http://www.loc.gov/MARC21/slim">

  <leader>00548nam a22001577a 4500</leader>
  <datafield tag="999" ind1=" " ind2=" ">
    <subfield code="c">18424</subfield>
    <subfield code="d">18424</subfield>
  </datafield>
  <controlfield tag="008">200806b        xxu||||| |||| 00| 0 eng d</controlfield>
  <datafield tag="020" ind1=" " ind2=" ">
    <subfield code="a">1475763669</subfield>
  </datafield>
  <datafield tag="050" ind1=" " ind2=" ">
    <subfield code="a">T58.6</subfield>
    <subfield code="b">.R43 2001 c.1</subfield>
  </datafield>
  <datafield tag="245" ind1=" " ind2=" ">
    <subfield code="a">realigning Research and Practice in Information Systems Development. </subfield>
    <subfield code="b">The Social and Organisational Perspctive </subfield>
    <subfield code="c">Edited by Nancy L. Russo</subfield>
  </datafield>
  <datafield tag="260" ind1=" " ind2=" ">
    <subfield code="a">New York </subfield>
    <subfield code="b">Springer </subfield>
    <subfield code="c">2001</subfield>
  </datafield>
  <datafield tag="300" ind1=" " ind2=" ">
    <subfield code="a">viii, 475p.</subfield>
  </datafield>
  <datafield tag="650" ind1=" " ind2=" ">
    <subfield code="a">Management Information Systems</subfield>
    <subfield code="v">congresses </subfield>
  </datafield>
  <datafield tag="700" ind1=" " ind2=" ">
    <subfield code="a">Brian Fitzgerald</subfield>
  </datafield>
  <datafield tag="700" ind1=" " ind2=" ">
    <subfield code="a">Janice I DeGross</subfield>
  </datafield>
  <datafield tag="942" ind1=" " ind2=" ">
    <subfield code="2">lcc</subfield>
    <subfield code="c">BK</subfield>
  </datafield>
  <datafield tag="952" ind1=" " ind2=" ">
    <subfield code="0">0</subfield>
    <subfield code="1">0</subfield>
    <subfield code="2">lcc</subfield>
    <subfield code="7">0</subfield>
    <subfield code="a">KABU</subfield>
    <subfield code="b">KABU</subfield>
    <subfield code="d">2020-08-06</subfield>
    <subfield code="g">18908.00</subfield>
    <subfield code="l">0</subfield>
    <subfield code="o">T58.6 .R43 2001 c.1</subfield>
    <subfield code="p">028907</subfield>
    <subfield code="r">2020-08-06 00:00:00</subfield>
    <subfield code="w">2020-08-06</subfield>
    <subfield code="y">BK</subfield>
  </datafield>
  <datafield tag="952" ind1=" " ind2=" ">
    <subfield code="0">0</subfield>
    <subfield code="1">0</subfield>
    <subfield code="2">lcc</subfield>
    <subfield code="7">0</subfield>
    <subfield code="a">KABU</subfield>
    <subfield code="b">KABU</subfield>
    <subfield code="d">2020-08-06</subfield>
    <subfield code="g">18908.00</subfield>
    <subfield code="l">1</subfield>
    <subfield code="o">T58.6 .R43 2001 c.2</subfield>
    <subfield code="p">028908</subfield>
    <subfield code="r">2022-06-30 00:00:00</subfield>
    <subfield code="s">2022-06-16</subfield>
    <subfield code="w">2020-08-06</subfield>
    <subfield code="y">BK</subfield>
  </datafield>
  <datafield tag="952" ind1=" " ind2=" ">
    <subfield code="0">0</subfield>
    <subfield code="1">0</subfield>
    <subfield code="2">lcc</subfield>
    <subfield code="7">0</subfield>
    <subfield code="a">KNTC</subfield>
    <subfield code="b">KNTC</subfield>
    <subfield code="d">2020-08-06</subfield>
    <subfield code="g">18908.00</subfield>
    <subfield code="l">0</subfield>
    <subfield code="o">T58.6 .R43 2001 c.1</subfield>
    <subfield code="p">028909</subfield>
    <subfield code="r">2020-08-06 00:00:00</subfield>
    <subfield code="w">2020-08-06</subfield>
    <subfield code="y">BK</subfield>
  </datafield>
</record>
